UBT Library

Meaningful learning with technology / (Record no. 41459)

000 -LEADER
fixed length control field 00990cam a2200277 a 4500
001 - CONTROL NUMBER
control field 14796607
005 - DATE AND TIME OF LATEST TRANSACTION
control field 20180201034222.0
008 - FIXED-LENGTH DATA ELEMENTS--GENERAL INFORMATION
fixed length control field 070404s2008 njua b 001 0 eng
010 ## - LIBRARY OF CONGRESS CONTROL NUMBER
LC control number 2007014194
020 ## - INTERNATIONAL STANDARD BOOK NUMBER
International Standard Book Number 9780132393959
020 ## - INTERNATIONAL STANDARD BOOK NUMBER
International Standard Book Number 0132393956
035 ## - SYSTEM CONTROL NUMBER
System control number (OCoLC)ocn122974024
035 ## - SYSTEM CONTROL NUMBER
System control number (OCoLC)122974024
Canceled/invalid control number (OCoLC)144223559
040 ## - CATALOGING SOURCE
Original cataloging agency DLC
Transcribing agency DLC
Modifying agency BAKER
-- C#P
-- BTCTA
-- YDXCP
-- DLC
041 ## - LANGUAGE CODE
Language code of text/sound track or separate title eng
080 ## - UNIVERSAL DECIMAL CLASSIFICATION NUMBER
Universal Decimal Classification number 371.33 JON
082 00 - DEWEY DECIMAL CLASSIFICATION NUMBER
Classification number 371.33 JON
Edition number 22
100 ## - Rafti
Rafti 14
101 ## - Shkurtesa
Shkurtesa JUR
245 00 - TITLE STATEMENT
Title Meaningful learning with technology /
Statement of responsibility, etc David Jonassen ... [et al.].
504 ## - BIBLIOGRAPHY, ETC. NOTE
Bibliography, etc Includes bibliographical references and index.
906 ## - LOCAL DATA ELEMENT F, LDF (RLIN)
a 7
b cbc
c orignew
d 1
e ecip
f 20
g y-gencatlg
942 ## - ADDED ENTRY ELEMENTS (KOHA)
Source of classification or shelving scheme
Item type Books
Holdings
Withdrawn status Lost status Source of classification or shelving scheme Damaged status Not for loan Collection code Permanent location Current location Shelving location Date acquired Total Checkouts Full call number Barcode Date last seen Price effective from Koha item type
          Koleksioni i përgjithshem UBT - Lipjan UBT - Lipjan Koleksioni i përgjithshem 02/01/2018   371.33 JON 002-2997688 02/01/2018 02/01/2018 Books
UBT Library © 2015-2024. All rights reserved University Education for Business and Technology